000 00324nam a22001337a 4500
008 180920b xxu||||| |||| 00| 0 eng d
020 _a9781405192040
041 _aeng
080 _a370
100 _a49
101 _aEDU
245 _aFeature Magzine Writing Action Angle And Anecdotes
_cWell.b
942 _2udc
_cBK
999 _c48130
_d48130